El nacimiento de la tierra. (Record no. 178210)

MARC details
000 -LEADER
campo de control de longitud fija 00722nam a22002055i 4500
001 - NÚMERO DE CONTROL
campo de control 178210
003 - IDENTIFICADOR DE NÚMERO DE CONTROL
campo de control ES-MaACL
005 - FECHA Y HORA DE LA ÚLTIMA TRANSACCIÓN
campo de control 20250827100727.0
008 - DATOS DE LONGITUD FIJA--INFORMACIÓN GENERAL
campo de control de longitud fija 110523s1968 sp |||| | spa d
080 ## - NÚMERO DE LA CLASIFICACIÓN DECIMAL UNIVERSAL
Número de la Clasificación Decimal Universal 551.12
245 03 - MENCIÓN DEL TÍTULO
Título El nacimiento de la tierra.
260 ## - PUBLICACIÓN, DISTRIBUCIÓN, ETC.
Lugar de publicación, distribución, etc. Madrid :
Nombre del editor, distribuidor, etc. Delblan,
Fecha de publicación, distribución, etc. D. L. 1968.
300 ## - DESCRIPCIÓN FÍSICA
Extensión 16 p. ;
Dimensiones 16 cm.
490 1# - MENCIÓN DE SERIE
Mención de serie Mosaico cultural : colección de temas instructivos. 1. Maravillas del universo ;
Designación de volumen o secuencia 1
500 ## - NOTA GENERAL
Nota general Encuadernado con otros títulos.
650 ## - PUNTO DE ACCESO ADICIONAL DE MATERIA--TÉRMINO DE MATERIA
Término de materia o nombre geográfico como elemento de entrada Tierra (Planeta)-
Subdivisión general Origen.
9 (RLIN) 178537
830 00 - PUNTO DE ACCESO ADICIONAL DE SERIE-TÍTULO UNIFORME
Título uniforme Mosaico cultural: colección de temas instructivos.
Nombre de parte o sección de la obra Maravillas del universo
Designación de volumen o secuencia 1
9 (RLIN) 190804
852 ## - LOCALIZACIÓN
Ubicación ES-MaACL
Número de control de estantería E-15188 (1)
Encuadernación Olim P-1923
Holdings
Estatus retirado Estado de pérdida Estado de daño No para préstamo Biblioteca de origen Biblioteca actual Ubicación en estantería Fecha de adquisición Fuente de adquisición Total de préstamos Signatura topográfica completa Código de barras Visto por última vez Precio de reemplazo Tipo de ítem Koha
        Biblioteca del Ateneo de Madrid Biblioteca del Ateneo de Madrid Depósito 2 23/05/2011     E-15188 (1) 1187204 23/02/2023 23/02/2023 Libro impreso